000 00441nam a2200169Ia 4500
008 230711s9999||||xx |||||||||||||| ||und||
020 _a978-81-7305-382-5
041 _aENG
082 _a720
_bME-H
100 _aMeena, B. R
245 0 _aHeritage of Rajasthan : Monuments and Archaeological Sites
250 _a1st Ed.
260 _c2009
_aNew Delhi
_bAryan Book International
300 _a349p.
650 _aArchitecture
942 _cBK
999 _c6872
_d6872